The economics of money and banking

Gardado en:
Detalles Bibliográficos
Autor Principal: Goldfeld, Stephen M.
Formato: Libro
Idioma:Undetermined
Publicado: New York Harper & Row, Publishers 1986
Những chủ đề:
Các nhãn: Engadir etiqueta
Sen Etiquetas, Sexa o primeiro en etiquetar este rexistro!
Thư viện lưu trữ: Trung tâm Học liệu Trường Đại học Cần Thơ
LEADER 00478nam a2200169Ia 4500
001 CTU_79176
008 210402s9999 xx 000 0 und d
082 |a 332.4 
082 |b G618 
100 |a Goldfeld, Stephen M. 
245 4 |a The economics of money and banking 
245 0 |c Stephen M. Goldfeld 
260 |a New York 
260 |b Harper & Row, Publishers 
260 |c 1986 
650 |a Banks and banking,Money 
980 |a Trung tâm Học liệu Trường Đại học Cần Thơ